Gemüsesorten - Statistiken

Allgemein
  • Dieses Quiz wurde 123 mal gespielt
  • Das Durchschnittsergebnis liegt bei 16 aus 71
Antwortstatistiken
Antwort % Korrekt
Tomate
91%
Gurke
88%
Möhre
76%
Paprika
74%
Zwiebel
74%
Blumenkohl
65%
Rotkohl
65%
Aubergine
63%
Brokkoli
63%
Weißkohl
62%
Erbsen
57%
Bohnen
55%
Kohlrabi
50%
Sellerie
50%
Kürbis
48%
Radieschen
47%
Spinat
47%
Rosenkohl
46%
Grünkohl
44%
Wirsing
42%
Porree
34%
Rettich
33%
Mais
32%
Fenchel
31%
Feldsalat
27%
Petersilie
26%
Pastinake
25%
Ingwer
24%
Linsen
23%
Schnittlauch
21%
Mangold
20%
Artischocke
19%
Dill
12%
Schwarzwurzel
12%
Thymian
11%
Blattsalat
9%
Reis
6%
Kerbel
5%
Majoran
5%
Mairübe
4%
Rote Rübe
4%
Salbei
4%
Sojabohnen
4%
Gerste
3%
Hafer
3%
Hirse
3%
Roggen
3%
Schalotten
3%
Senf
3%
Sauerampfer
2%
Bohnenkraut
1%
Buchweizen
1%
Kohlrübe
1%
Löwenzahn
1%
Melonen
1%
Sonnenblume
1%
Zitronenmelisse
1%
Beifuß
0%
Blätterkohl
0%
Borretsch
0%
Cardy
0%
Gartenkresse
0%
Gartenmelde
0%
Hafenwurzel
0%
Kerbelrübe
0%
Lein
0%
Portulak
0%
Puffbohnen
0%
Rutensenf
0%
Schnittmangold
0%
Sesam
0%
Keine übereinstimmenden Quizze gefunden
Verteilung der Resultate
Anzahl Personen mit jedem Resultat
Perzentil nach korrekt beantworteten Fragen
Ihre Resultats-Entwicklung
Sie haben dieses Quiz noch nicht gespielt